[Event "Tourn. n8464"]
[Site "www.chess-mail.com"]
[Date "2016.01.26"]
[Round "1"]
[White "Yangqi"]
[Black "Fvdp"]
[WhiteElo "2550"]
[BlackElo "2380"]
[Result "1-0"]
[Round "1"]
1.e4 c5
2.d4 cxd4
3.c3 Ng8f6
4.e5 Nf6d5
5.Ng1f3 d6
6.Qd1xd4 e6
7.Nb1d2 Nb8c6
8.Bf1b5 Bc8d7
9.Bb5xc6 Bd7xc6
10.Nd2c4 dxe5
11.Nc4xe5 Qd8c7
12.O-O f6
13.Ne5xc6 Qc7xc6
14.Rf1e1 Kf7
15.Bc1d2 Bf8c5
16.Qd4g4 h5
17.Qg4e4 Nd5e7
18.Qe4e2 Ne7f5
19.b4 Bc5b6
20.a4 Ra8e8
21.a5 Bb6c7
22.c4 e5
23.b5 Qc6e6
24.Bd2b4 Re8d8
25.Qe2e4 Rd8d7
26.Re1d1 Rh8d8
27.Rd1xd7 Rd8xd7
28.c5 Nf5d4
29.Nf3xd4 exd4
30.Qe4d3 Qe6d5
31.a6 bxa6
32.Ra1xa6 Bc7b8
33.c6 Rd7c7
34.Ra6a4 Rc7c8
35.Bb4d2 Rc8d8
36.Bd2a5 Rd8e8
37.Ra4xd4 Qd5e5
38.g3 Re8e7
39.Ba5b4 { resign }
1-0

[Event "Tourn. n8529"]
[Site "www.chess-mail.com"]
[Date "2016.01.26"]
[Round "1"]
[White "Ledzepp"]
[Black "Chessexpert"]
[WhiteElo "1499"]
[BlackElo "1490"]
[Result "1-0"]
[Round "1"]
1.d4 Ng8f6
2.Bc1g5 Nf6e4
3.Bg5e3 d5
4.Qd1d3 c6
5.Nb1d2 Ne4xd2
6.Qd3xd2 Bc8f5
7.Ng1f3 e6
8.Be3g5  { time }
1-0

[Event "Tourn. n8590"]
[Site "www.chess-mail.com"]
[Date "2016.01.26"]
[Round "1"]
[White "Hundegana"]
[Black "Bojan"]
[WhiteElo "1870"]
[BlackElo "2030"]
[Result "1-0"]
[Round "1"]
1.c4 g6
2.b3 Bf8g7
3.d4 d5
4.Nb1c3 dxc4
5.bxc4 Bg7xd4
6.Bc1b2 Nb8c6
7.e3 Bd4f6
8.Qd1xd8 Kxd8
9.O-O-O Ke8
10.Nc3b5 Kf8
11.Nb5xc7 Ra8b8
12.Nc7d5 Bf6xb2
13.Kxb2 Kg7
14.Ng1f3 Bc8f5
15.Nf3d4 Nc6xd4
16.exd4 Rb8c8
17.Bf1e2 e6
18.Nd5f4 Bf5e4
19.f3 Be4c6
20.Kb3 a6
21.a4 Ng8f6
22.h4 h6
23.g4 g5
24.hxg5 hxg5
25.Nf4d3 Rh8h4
26.Rh1xh4 Rc8d8
27.Rh4h3 Rd8xd4
28.Rd1h1 Rd4d8
29.Nd3e5 Bc6e8
30.Kb4 b6
31.a5 bxa5
32.Kxa5 Rd8d2
33.Rh3h2 Rd2a2
34.Kb4 a5
35.Kb3 Ra2d2
36.Be2d3 { resign }
1-0

[Event "Tourn. n8598"]
[Site "www.chess-mail.com"]
[Date "2016.01.26"]
[Round "1"]
[White "Fabos12"]
[Black "Mrfunk"]
[WhiteElo "1710"]
[BlackElo "1499"]
[Result "0-1"]
[Round "1"]
1.Ng1f3 d5
2.d4 Ng8f6
3.c4 e6
4.Bc1g5 Bf8e7
5.Bg5xf6 Be7xf6
6.Nb1c3 c5
7.cxd5 cxd4
8.Nf3xd4 exd5
9.Nd4b5 a6
10.Qd1a4 O-O
11.O-O-O Bc8d7
12.Rd1xd5 Qd8b6
13.Qa4a3 axb5
14.Qa3xa8 Nb8a6
15.Qa8xf8 Kxf8
16.Rd5xd7 b4
17.e3 bxc3
18.bxc3 Bf6xc3
19.Bf1c4 Qb6b2
20.Kd1 Na6c5
21.Rd7xf7 Ke8
{ resign }
0-1

[Event "Tourn. n8563"]
[Site "www.chess-mail.com"]
[Date "2016.01.26"]
[Round "1"]
[White "Norlavuaram"]
[Black "Cathar"]
[WhiteElo "2100"]
[BlackElo "2270"]
[Result "0-1"]
[Round "1"]
1.e4 c6
2.d4 d5
3.Nb1d2 dxe4
4.Nd2xe4 Ng8f6
5.Ne4xf6 gxf6
6.Ng1f3 Bc8g4
7.c3 Nb8d7
8.Bf1d3 Qd8c7
9.Bc1e3 e6
10.Bd3e2 O-O-O
11.O-O Rh8g8
12.Kh1 Bf8d6
13.g3 f5
14.b4 f4
15.Be3d2 fxg3
16.fxg3 Bd6xg3
17.hxg3 Qc7xg3
18.Nf3h2 Bg4h3
{ resign }
0-1

[Event "Tourn. n8524"]
[Site "www.chess-mail.com"]
[Date "2016.01.26"]
[Round "1"]
[White "Cathar"]
[Black "Greghghs"]
[WhiteElo "2310"]
[BlackElo "2400"]
[Result "1-0"]
[Round "1"]
1.e4 Ng8f6
2.e5 Nf6d5
3.d4 d6
4.Ng1f3 g6
5.Bf1c4 Nd5b6
6.Bc4b3 Bf8g7
7.Qd1e2 d5
8.O-O O-O
9.a4 a5
10.c3 Nb8c6
11.Bc1f4 Bc8g4
12.Nb1d2 Qd8d7
13.h3 Bg4e6
14.Rf1e1 Ra8d8
15.Qe2e3 Nc6b8
16.Bf4h6 Rd8c8
17.Bh6xg7 Kxg7
18.Nf3g5 h6
19.Ng5xe6 Qd7xe6
20.f4 Nb8d7
21.Bb3c2 Rf8g8
22.f5 Qe6c6
23.e6 fxe6
24.fxe6 Nd7f6
25.Qe3g3 Kh7
26.Nd2f3 Nf6e4
27.Qg3h4 Rg8g7
28.Re1xe4 dxe4
29.Bc2xe4 { resign }
1-0

[Event "Tourn. n8502"]
[Site "www.chess-mail.com"]
[Date "2016.01.26"]
[Round "1"]
[White "Goosebumps"]
[Black "Bevittsmith"]
[WhiteElo "2180"]
[BlackElo "2270"]
[Result "0-1"]
[Round "1"]
1.d4 Ng8f6
2.c4 g6
3.g3 Bf8g7
4.Nb1c3 d5
5.Bf1g2 dxc4
6.Qd1a4 Nf6d7
7.Ng1f3 O-O
8.Bc1f4 Nd7b6
9.Qa4d1 c6
10.O-O Nb8d7
11.Ra1c1 Nb6d5
12.Bf4d2 Nd7f6
13.Nf3e5 Nd5xc3
14.Bd2xc3 Nf6d5
15.Ne5xc4 Nd5xc3
16.bxc3 Bc8e6
17.Qd1d3 Qd8c7
18.a4 a5
19.e4 Rf8d8
20.Rf1e1 Ra8b8
21.Nc4a3 Be6b3
22.Rc1a1 Bb3xa4
23.Qd3b1 c5
24.Na3c4 b5
25.Nc4b2 cxd4
26.cxd4 Bg7xd4
27.Ra1a3 Qc7c5
{ time. }
0-1

[Event "Tourn. n8577"]
[Site "www.chess-mail.com"]
[Date "2016.01.26"]
[Round "1"]
[White "Seger"]
[Black "Cathar"]
[WhiteElo "2770"]
[BlackElo "2280"]
[Result "1-0"]
[Round "1"]
1.d4 e6
2.e4 d5
3.Nb1c3 Ng8f6
4.Bc1g5 dxe4
5.Nc3xe4 Bf8e7
6.Bg5xf6 gxf6
7.Qd1d2 a6
8.Ng1f3 b5
9.Qd2e3 Nb8d7
10.O-O-O Bc8b7
11.Bf1e2 f5
12.Ne4c5 Nd7xc5
13.dxc5 Bb7d5
14.Nf3e5 Be7f6
15.Kb1 O-O
16.Be2f3 { resign }
1-0

[Event "Tourn. n8474"]
[Site "www.chess-mail.com"]
[Date "2016.01.26"]
[Round "1"]
[White "Glenno"]
[Black "Yangqi"]
[WhiteElo "2320"]
[BlackElo "2570"]
[Result "0-1"]
[Round "1"]
1.e4 e6
2.d4 d5
3.Nb1c3 Bf8b4
4.e5 c5
5.a3 Bb4xc3
6.bxc3 Ng8e7
7.Qd1g4 cxd4
8.Qg4xg7 Rh8g8
9.Qg7xh7 Qd8c7
10.Ng1e2 dxc3
11.f4 Nb8c6
12.Qh7d3 d4
13.Ne2xd4 Nc6xd4
14.Qd3xd4 Bc8d7
15.Rh1g1 Ne7f5
16.Qd4f2 Qc7c6
17.Bf1d3 Qc6d5
18.Ra1b1 Bd7c6
19.Rb1b3 O-O-O
20.Rb3xc3 Kb8
21.g4 Nf5d4
22.Rg1g3 Qd5h1
23.Bd3f1 b6
24.a4 Qh1e4
25.Rg3e3 Qe4d5
26.Re3d3 Qd5a5
27.Bc1a3 Nd4b5
28.Qf2d2 Rd8xd3
29.Rc3xd3 Nb5xa3
30.Rd3xa3 Qa5xd2
31.Kxd2 Rg8xg4
32.Ke3 Rg4h4
33.h3 a5
34.Ra3a1 Kc7
35.c3 Rh4h6
36.Ra1a2 Rh6g6
37.Kf2 f6
38.Bf1c4 fxe5
39.fxe5 Rg6g5
40.Bc4xe6 Rg5xe5
41.Be6g4 Re5e4
42.Ra2a1 Kd6
43.Bg4d1 Re4f4
44.Kg3 Rf4f1
45.Ra1b1 Kc5
46.h4 Rf1g1
47.Kf2 Rg1h1
48.Rb1a1 Rh1xh4
49.Bd1b3 Rh4h3
50.Ra1c1 Rh3h2
51.Ke3 Rh2b2
52.Bb3d1 Rb2a2
53.Kd3 Bc6e8
54.Bd1b3 Ra2a3
55.Bb3d1 Be8d7
56.Bd1f3 Ra3xa4
57.Rc1g1 Ra4f4
58.Ke3 Rf4f6
59.Rg1d1 Bd7e6
60.Bf3g2 a4
61.Rd1a1 b5
62.Bg2e4 Be6b3
63.Be4f3 Rf6a6
64.Ra1g1 a3
65.Bf3b7 Ra6e6
66.Kf4 a2
67.Rg1a1 Kc4
68.Ra1c1 Bb3c2
69.Rc1a1 Bc2b1
70.Bb7c8 Re6e4
71.Kf3 Re4e1
72.Kf2 Re1e5
73.Kg3 Kxc3
74.Kf4 Re5e1
75.Kg3 Kb2
76.Ra1xa2 Bb1xa2
77.Kf2 Re1e7
78.Kg3 b4
79.Bc8g4 Re7g7
{ resign }
0-1

[Event "Tourn. n8572"]
[Site "www.chess-mail.com"]
[Date "2016.01.26"]
[Round "1"]
[White "Julian"]
[Black "Attatroll"]
[WhiteElo "1990"]
[BlackElo "1990"]
[Result "1-0"]
[Round "1"]
1.e4 e5
2.Ng1f3 Nb8c6
3.Bf1b5 a5
4.c3 Nc6a7
5.Bb5a4 b5
6.Ba4c2 d6
7.d4 exd4
8.cxd4 Ng8f6
9.O-O Bf8e7
10.e5 Nf6g4
11.h3 Ng4h6
12.Rf1e1 O-O
13.Nb1c3 dxe5
14.Nf3xe5 Nh6f5
15.d5 b4
16.Nc3e4 Bc8b7
17.Bc2b3 Na7b5
18.Qd1g4 Nb5d4
19.Bb3c4 Bb7xd5
20.Bc1e3 Nf5xe3
21.fxe3 Nd4c2
22.Re1e2 Nc2xe3
23.Re2xe3 Bd5xe4
24.Re3xe4 Be7f6
25.Ne5c6 Qd8d2
26.Ra1d1 Qd2h6
27.Rd1f1 Rf8e8
28.Nc6e5 Bf6xe5
29.Bc4xf7 Kh8
30.Bf7xe8 Ra8xe8
31.Re4xe5 { resign }
1-0

[Event "Match"]
[Site "www.echecsemail.com"]
[Date "2016.01.26"]
[Round "1"]
[White "Bojan"]
[Black "Mitja"]
[WhiteElo "2040"]
[BlackElo "1830"]
[Result "0-1"]
[Round "1"]
1.d4 d5
2.Nb1c3 c6
3.g3 e6
4.Bf1g2 h6
5.e4 dxe4
6.Bg2xe4 Ng8f6
7.Be4d3 Bf8e7
8.Bc1e3 Nb8d7
9.Nc3e4 Nf6xe4
10.Bd3xe4 Nd7f6
11.Be4g2 Nf6d5
12.Be3d2 Be7g5
13.c3 Bg5xd2
14.Qd1xd2 Qd8d7
15.Ng1f3 Qd7e7
16.O-O O-O
17.c4 Nd5f6
18.Rf1e1 Rf8d8
19.Ra1d1 Ra8b8
20.Qd2f4 Bc8d7
21.Nf3e5 Qe7b4
22.b3 Rb8c8
23.Ne5xd7 Rd8xd7
24.g4 Rc8d8
25.Re1e3 Qb4b6
26.Re3d3 Qb6a5
27.Rd1d2 Kf8
28.h4 Nf6e8
29.Bg2e4 Ne8f6
30.Be4g2 Nf6h7
31.Bg2e4 Nh7f6
32.Be4g2 a6
33.g5 hxg5
34.hxg5 Nf6h5
35.Qf4h4 g6
36.Bg2f3 Ke7
37.Bf3xh5 Rd8h8
38.d5 Rh8xh5
39.Qh4f4 cxd5
40.cxd5 Rd7xd5
41.Rd3xd5 exd5
42.Qf4f6 Kf8
43.Rd2e2 d4
44.Re2e7 Qa5d5
45.f3 Rh5xg5
46.Kf2 d3
47.Re7e1 Rg5h5
48.Qf6f4 Qd5c5
49.Qf4e3 Rh5h2
50.Kg3 Qc5h5
51.Qe3e8 Kg7
52.Qe8e5 Qh5xe5
53.Re1xe5 Rh2xa2
54.Re5d5 d2
55.Kf4 Ra2b2
56.Rd5d3 b5
57.Ke3 Rb2xb3
58.Kxd2 Rb3xd3
59.Kxd3 f5
{ resign }
0-1

[Event "Match"]
[Site "www.echecsemail.com"]
[Date "2016.01.26"]
[Round "1"]
[White "Mdesouza"]
[Black "Elogic"]
[WhiteElo "2160"]
[BlackElo "1669"]
[Result "1-0"]
[Round "1"]
1.e4 g6
2.d4 c5
3.Ng1f3 Bf8g7
4.Nb1c3 cxd4
5.Nf3xd4 e5
6.Nd4b5 Bg7f8
7.Nb5d6 Bf8xd6
8.Qd1xd6 Qd8f6
9.Nc3b5 Nb8a6
10.Bc1h6 Qf6xd6
11.Nb5xd6 Ke7
12.Nd6xc8 Ra8xc8
13.Bh6g7 Na6b4
14.Bf1d3 Ng8f6
15.Bg7xh8 Rc8xh8
16.Ke2 Rh8c8
17.c3 Nb4c6
18.Ra1d1 d5
19.f3 d4
20.cxd4 Nc6xd4
21.Ke3 a5
22.Rd1c1 Rc8xc1
23.Rh1xc1 b5
24.Rc1c5 Nf6d7
25.Rc5d5 b4
26.Rd5xa5 Nd7b6
27.Ra5xe5 { resign }
1-0

[Event "Match"]
[Site "www.echecsemail.com"]
[Date "2016.01.26"]
[Round "1"]
[White "Geodad5"]
[Black "Tonino1"]
[WhiteElo "2170"]
[BlackElo "1990"]
[Result "1/2-1/2"]
[Round "1"]
1.e4 c5
2.Ng1f3 d6
3.d4 cxd4
4.Nf3xd4 Ng8f6
5.Nb1c3 a6
6.Bf1e2 g6
7.Bc1e3 Bf8g7
8.O-O O-O
9.f4 Nb8c6
10.h3 e6
11.a3 Qd8c7
12.Qd1d2 Rf8e8
13.Rf1f3 Nc6xd4
14.Be3xd4 e5
15.fxe5 dxe5
16.Bd4e3 Bc8e6
17.Ra1f1 Nf6d7
18.Be3h6 Bg7xh6
19.Qd2xh6 Nd7b6
20.h4 Ra8d8
21.Be2d3 Nb6c4
22.Bd3xc4 Qc7xc4
23.h5 Re8e7
24.hxg6 hxg6
25.Qh6g5 Re7d7
26.Qg5xe5 Qc4d4
27.Qe5xd4 Rd7xd4
28.Rf3f2 Be6c4
29.Rf1e1 Rd4d2
30.Re1c1 Rd2xf2
31.Kxf2 Rd8d2
32.Kf3 Kg7
33.g3 f6
34.b3 Bc4e6
35.Nc3e2 b5
36.Ke3 Rd2d8
37.Ne2d4 Be6f7
38.Rc1d1 Kg8
39.Rd1d2 Rd8e8
40.Kf4 g5
41.Ke3 Bf7d5
42.Nd4xb5 Re8xe4
43.Kf2 Bd5xb3
44.cxb3 axb5
45.Kf3 Re4e5
46.Rd2d4 f5
47.Rd4d7 Re5c5
{ draw }
1/2-1/2

[Event "Match"]
[Site "www.echecsemail.com"]
[Date "2016.01.26"]
[Round "1"]
[White "Elogic"]
[Black "Pellix84"]
[WhiteElo "1669"]
[BlackElo "1970"]
[Result "1/2-1/2"]
[Round "1"]
1.e4 c5
2.Nb1c3 e6
3.d4 cxd4
4.Qd1xd4 Nb8c6
5.Qd4e3 b6
6.f4 Bf8c5
7.Qe3d2 Qd8f6
8.e5 Qf6h4
9.g3 Qh4g4
10.Bf1e2 Qg4f5
11.Be2d3 Qf5h5
12.Nc3e4 Bc5xg1
13.Rh1xg1 Nc6d4
14.Ne4d6 Kf8
15.Bd3e4 Bc8a6
16.c4 Nd4f3
17.Be4xf3 Qh5xf3
18.b4 Ng8e7
19.b5 Ba6c8
20.Nd6xc8 Ra8xc8
21.Qd2xd7 Qf3c3
22.Kf2 Qc3xa1
23.Bc1a3 Qa1xa2
24.Kf3 Qa2xa3
25.Kg4 h5
26.Kg5 Qa3f3
27.h3 h4
28.g4 Qf3xh3
29.Rg1d1 Rc8e8
30.Qd7c7 f6
31.exf6 gxf6
32.Kxf6 Qh3c3
33.Kxe6 Qc3e3
34.Kd7 Rh8h7
35.Qc7d6 Qe3c5
36.Qd6f6 Rh7f7
37.Qf6h6 Rf7g7
38.Qh6f6 Kg8
39.Kxe8 Ne7g6
40.Rd1d7 Rg7xd7
41.Kxd7 Qc5e7
42.Qf6xe7 Ng6xe7
43.Kxe7 h3
44.f5 h2
45.f6 h1Q
46.f7 Kh7
47.f8Q Qh1e4
48.Kd8 { draw }
1/2-1/2

[Event "Match"]
[Site "www.echecsemail.com"]
[Date "2016.01.26"]
[Round "1"]
[White "Tonino1"]
[Black "Wwgia"]
[WhiteElo "1990"]
[BlackElo "2220"]
[Result "1-0"]
[Round "1"]
1.d4 Ng8f6
2.Ng1f3 g6
3.e3 Bf8g7
4.Bf1d3 d6
5.b3 O-O
6.Bc1b2 Nb8d7
7.Nb1d2 Rf8e8
8.O-O e5
9.dxe5 dxe5
10.e4 c6
11.a4 Qd8c7
12.Nd2c4 b5
13.axb5 cxb5
14.Nc4e3 Ra8b8
15.Qd1e2 a6
16.Rf1e1 Nf6h5
17.g3 Nd7c5
18.Ra1c1 Bc8b7
19.Ne3d5 Qc7c8
20.b4 Nc5a4
21.Bb2a1 Bg7h6
22.Rc1b1 Bh6g7
23.c4 Bb7xd5
24.cxd5 Na4b6
25.Rb1c1 Qc8d7
26.Rc1c6 f6
27.Qe2e3 Qd7b7
28.Re1c1 Bg7f8
29.Qe3e1 Re8e7
30.Qe1c3 Nb6c4
31.Bd3xc4 bxc4
32.Qc3xc4 Kg7
33.d6 Re7d7
34.Qc4xa6 Qb7xb4
35.Rc6c7 Rb8d8
36.Qa6a7 Qb4b5
37.Rc1c5 Qb5b1
38.Kg2 { resign }
1-0

[Event "Match"]
[Site "www.echecsemail.com"]
[Date "2016.01.26"]
[Round "1"]
[White "Elogic"]
[Black "Nugun"]
[WhiteElo "1769"]
[BlackElo "1690"]
[Result "0-1"]
[Round "1"]
1.Ng1f3 d5
2.e3 Bc8g4
3.h3 Bg4f5
4.g4 Bf5e4
5.b3 Ng8f6
6.Bf1e2 e5
7.d3 Be4xf3
8.Be2xf3 Bf8b4
9.c3 Bb4a5
10.b4 Ba5b6
11.g5 Nf6d7
12.Bf3xd5 Qd8xg5
13.Bd5xb7 O-O
14.Bb7xa8 c6
15.Qd1f3 Qg5g6
16.e4 Nb8a6
17.Ba8b7 Na6c7
18.a4 a5
19.b5 Nd7c5
20.Bb7xc6 Rf8d8
21.Bc6d5 Nc7xd5
22.exd5 Nc5xd3
23.Kd2 Nd3xf2
24.Rh1f1 e4
25.Qf3e2 Qg6g2
26.Kc2 e3
27.c4 Qg2e4
28.Kb2 Nf2d3
29.Ka3 Qe4xc4
30.Bc1xe3 Bb6xe3
31.Qe2g4 Be3c5

0-1

[Event "Match"]
[Site "www.echecsemail.com"]
[Date "2016.01.26"]
[Round "1"]
[White "Mchess"]
[Black "Pariolinius"]
[WhiteElo "1690"]
[BlackElo "2000"]
[Result "0-1"]
[Round "1"]
1.d4 Ng8f6
2.Bc1g5 e6
3.e4 Bf8e7
4.Bg5xf6 Be7xf6
5.e5 Bf6g5
6.Ng1f3 Bg5h6
7.c3 d5
8.Bf1d3 Qd8e7
9.O-O c5
10.dxc5 Qe7xc5
11.Nb1d2 Nb8d7
12.Nd2b3 Qc5c7
13.Nb3d4 { time. }
0-1

[Event "Match"]
[Site "www.echecsemail.com"]
[Date "2016.01.26"]
[Round "1"]
[White "Badshahc"]
[Black "Genius7"]
[WhiteElo "2099"]
[BlackElo "2150"]
[Result "1-0"]
[Round "1"]
1.a3 c5
2.Ng1f3 d5
3.g3 Nb8c6
4.Bf1g2 e5
5.d3 Ng8f6
6.O-O Bf8e7
7.c4 d4
8.b4 cxb4
9.axb4 Qd8c7
10.b5 Nc6b8
11.Qd1b3 O-O
12.b6 Qc7d6
13.Ra1xa7 { resign }
1-0

[Event "Match"]
[Site "www.echecsemail.com"]
[Date "2016.01.26"]
[Round "1"]
[White "Traub"]
[Black "Pinehill"]
[WhiteElo "1610"]
[BlackElo "2060"]
[Result "0-1"]
[Round "1"]
1.e4 d5
2.exd5 Ng8f6
3.c4 e6
4.Qd1e2 Bf8c5
5.Ng1f3 O-O
6.d4 Bc5b4
7.Nb1c3 exd5
8.cxd5 Nf6xd5
9.Qe2d3 Rf8e8
10.Bf1e2 { time. }
0-1

[Event "Match"]
[Site "www.echecsemail.com"]
[Date "2016.01.26"]
[Round "1"]
[White "Elogic"]
[Black "Krystek23"]
[WhiteElo "1809"]
[BlackElo "2170"]
[Result "0-1"]
[Round "1"]
1.c4 e5
2.e3 Ng8f6
3.Bf1e2 d5
4.d4 exd4
5.exd4 Bf8b4
6.Bc1d2 a5
7.Bd2xb4 axb4
8.cxd5 Qd8xd5
9.Ng1f3 Nb8c6
10.O-O O-O
11.b3 Rf8d8
12.Be2c4 Qd5d6
13.Qd1d3 Nc6xd4
14.Nf3xd4 Qd6xd4
15.Rf1d1 Qd4xd3
16.Rd1xd3 Bc8f5
17.Rd3xd8 Ra8xd8
18.Bc4e2 Rd8e8
19.Kf1 Nf6g4
20.Be2xg4 Bf5d3
{ resign }
0-1

[Event "Match"]
[Site "www.echecsemail.com"]
[Date "2016.01.26"]
[Round "1"]
[White "Raulazo"]
[Black "Irene"]
[WhiteElo "1860"]
[BlackElo "2080"]
[Result "0-1"]
[Round "1"]
1.e4 c5
2.Ng1f3 Nb8c6
3.Nb1c3 g6
4.Bf1c4 a6
5.Bc4xf7 Kxf7
6.Nf3g5 Kg7
7.Qd1f3 Nc6e5
8.Qf3f4 d6
9.h4 Ng8f6
10.d3 Ne5c6
11.Ng5f3 e5
12.Qf4h6 Kf7
13.Qh6e3 Nc6d4
14.Qe3d2 Bc8g4
15.Nf3g5 Ke7
16.Nc3d5 Nf6xd5
17.exd5 h6
18.Ng5e4 Bg4f3
19.c3 Bf3xg2
20.cxd4 Bg2xh1
21.Qd2e2 cxd4
22.Qe2g4 Qd8d7
23.Qg4xg6 Bh1xe4
24.Qg6xe4 Ra8c8
25.h5 Ke8
26.Qe4g6 Qd7f7
27.Qg6g4 Rc8c2
28.Bc1d2 Rh8g8
29.Qg4e6 Qf7xe6
30.dxe6 Rg8g1
{ resign }
0-1

[Event "Eq:chibcha-Equipo Juan Diaz : "]
[Site "www.chess-mail.com"]
[Date "2016.01.26"]
[Round "1"]
[White "Naujzaid"]
[Black "Karlgrocer"]
[WhiteElo "2060"]
[BlackElo "2050"]
[Result "1-0"]
[Round "1"]
1.d4 Ng8f6
2.c4 e6
3.Nb1c3 Bf8e7
4.Ng1f3 O-O
5.e3 b6
6.Bf1d3 Bc8b7
7.O-O c5
8.dxc5 Be7xc5
9.a3 d5
10.cxd5 Nf6xd5
11.Nc3xd5 Bb7xd5
12.b4 Bc5e7
13.Bc1b2 Be7f6
14.Bb2xf6 Qd8xf6
15.Ra1c1 Nb8d7
16.e4 Bd5b7
17.Rc1c7 Rf8d8
18.Rc7xb7 Nd7e5
19.Nf3xe5 Qf6xe5
20.Qd1f3 Rd8f8
21.Rf1c1 Ra8d8
22.Bd3f1 Rd8a8
23.Rc1c7 Qe5d6
24.Rc7xf7 Qd6e5
25.Rf7xg7 Qe5xg7
26.Rb7xg7 Kxg7
27.Qf3g4 Kf6
28.f4 Rf8g8
29.Qg4h4 Kf7
30.Bf1c4 Rg8g7
31.f5 { resign }
1-0

[Event "Tourn. n8578"]
[Site "www.chess-mail.com"]
[Date "2016.01.27"]
[Round "1"]
[White "Elogic"]
[Black "Cal"]
[WhiteElo "1669"]
[BlackElo "1550"]
[Result "1-0"]
[Round "1"]
1.e4 e5
2.Ng1f3 d6
3.Bf1c4 h6
4.O-O Ng8f6
5.Rf1e1 Bc8g4
6.c3 c6
7.h3 Bg4xf3
8.Qd1xf3 b5
9.Bc4e2 Bf8e7
10.d3 Nb8d7
11.Bc1e3 O-O
12.Nb1d2 a5
13.a4 b4
14.cxb4 d5
15.bxa5 Ra8xa5
16.Nd2b3 dxe4
17.dxe4 Ra5a8
18.Re1c1 Nf6h7
19.Rc1xc6 Be7b4
20.Qf3g3 Kh8
21.Be2h5 Nd7f6
22.Qg3xe5 Nf6xh5
23.Qe5xh5 Qd8e7
24.f3 f5
25.Be3c5 Bb4xc5
26.Nb3xc5 fxe4
27.Nc5xe4 Qe7d7
28.Rc6d6 Qd7e7
29.b3 Rf8f4
30.Ra1d1 Rf4h4
31.Qh5g6 Nh7f8
32.Qg6f5 Nf8h7
33.g3 Rh4xe4
34.fxe4 Nh7g5
35.Rd6d7 Qe7c5
36.Qf5xc5 Ng5xh3
37.Kg2 Nh3g5
38.Qc5f5 Ra8e8
39.Rd7d8 Re8xd8
40.Rd1xd8 
1-0

[Event "Tourn. n8566"]
[Site "www.chess-mail.com"]
[Date "2016.01.27"]
[Round "1"]
[White "Osopanda"]
[Black "Estonia"]
[WhiteElo "1940"]
[BlackElo "1960"]
[Result "1-0"]
[Round "1"]
1.c4 e5
2.Nb1c3 Ng8f6
3.g3 Bf8e7
4.Bf1g2 O-O
5.Ng1f3 Nb8c6
6.e3 d5
7.cxd5 Nf6xd5
8.d4 Bc8g4
9.O-O exd4
10.exd4 Be7b4
11.Nc3xd5 Qd8xd5
12.Qd1b3 Qd5xb3
13.axb3 Bg4xf3
14.Bg2xf3 Ra8d8
15.d5 Nc6e5
16.Bf3g2 Bb4c5
17.Bc1f4 Bc5d6
18.Rf1e1 Ne5d3
19.Bf4xd6 cxd6
20.Re1e7 Nd3xb2
21.Ra1xa7 Rd8c8
22.h4 Rc8c2
23.Ra7xb7 Nb2d1
24.f4 Rc2c3
25.Kh2 Nd1e3
26.Bg2e4 Ne3f1
27.Kg2 Nf1d2
28.b4 Nd2xe4
29.Re7xe4 Rc3d3
30.b5 Rd3xd5
31.Re4b4 Rd5d2
32.Kh3 h5
33.Rb7d7 Rf8e8
34.b6 Re8e2
35.g4 hxg4
36.Kxg4 Re2g2
37.Kf5 Rg2g6
38.h5 Rg6f6
39.Kg4 Rd2g2
40.Kf3 Rg2h2
41.b7 { resign }
1-0

[Event "Tourn. n8513"]
[Site "www.chess-mail.com"]
[Date "2016.01.27"]
[Round "1"]
[White "Nikas"]
[Black "Osopanda"]
[WhiteElo "1710"]
[BlackElo "1880"]
[Result "1-0"]
[Round "1"]
1.e4 c5
2.Ng1f3 d6
3.d4 cxd4
4.Nf3xd4 Ng8f6
5.Nb1c3 a6
6.Bc1e3 e5
7.Nd4b3 Bc8e6
8.Nb3c1 Nb8d7
9.Bf1e2 b5
10.Be2f3 Nd7b6
11.a3 Nb6c4
12.b3 Nc4xe3
13.fxe3 Ra8c8
14.Nc1e2 Nf6g4
15.Bf3xg4 Be6xg4
16.O-O Bf8e7
17.Nc3d5 O-O
18.Nd5xe7 Qd8xe7
19.Qd1d2 Qe7c7
20.Ra1c1 f5
21.exf5 Rf8xf5
22.Rf1xf5 Bg4xf5
23.c3 Rc8f8
24.Ne2g3 Bf5g6
25.Rc1f1 Rf8xf1
26.Ng3xf1 Qc7f7
27.Qd2xd6 Qf7e8
28.Qd6xa6 Bg6d3
29.Qa6d6 e4
30.Nf1d2 g5
31.Qd6f6 Qe8h5
32.Qf6e6 Kg7
33.Qe6e7 Kg6
34.Qe7e8 Kh6
35.Qe8xh5 Kxh5
36.c4 bxc4
37.Nd2xc4 Kg6
38.a4 Kf7
39.Nc4e5 Ke7
40.Ne5xd3 exd3
41.Kf1 Ke6
42.Ke1 Kd5
43.Kd2 Ke4
44.b4 { resign }
1-0

[Event "Tourn. n8499"]
[Site "www.chess-mail.com"]
[Date "2016.01.27"]
[Round "1"]
[White "Pimax"]
[Black "Genius7"]
[WhiteElo "2240"]
[BlackElo "2000"]
[Result "1/2-1/2"]
[Round "1"]
1.d4 f5
2.c4 Ng8f6
3.Ng1f3 e6
4.Nb1c3 Bf8b4
5.Bc1d2 O-O
6.Nf3e5 d6
7.Ne5f3 Bb4xc3
8.Bd2xc3 Nf6e4
9.Qd1b3 Qd8e7
10.e3 Nb8d7
11.Bf1d3 Nd7f6
12.O-O b6
13.Nf3d2 Ne4xc3
14.Qb3xc3 Bc8b7
15.f3 Nf6d7
16.e4 fxe4
17.Bd3xe4 Bb7xe4
18.Nd2xe4 e5
19.b3 exd4
20.Qc3xd4 Nd7e5
21.f4 Ne5g6
22.Qd4d5 Qe7f7
23.Qd5xf7 Rf8xf7
24.f5 Ng6e5
25.Ne4g5 Rf7f6
26.Rf1f4 Ra8f8
27.Ra1f1 g6
28.Ng5e6 Rf8f7
{ draw }
1/2-1/2

[Event "Tourn. n8504"]
[Site "www.chess-mail.com"]
[Date "2016.01.27"]
[Round "1"]
[White "Goosebumps"]
[Black "Huw"]
[WhiteElo "2200"]
[BlackElo "2160"]
[Result "0-1"]
[Round "1"]
1.d4 Ng8f6
2.c4 e6
3.Nb1c3 Bf8b4
4.Ng1f3 c5
5.a3 Bb4xc3
6.bxc3 O-O
7.Bc1g5 d6
8.e3 Qd8a5
9.Qd1b3 Nb8d7
10.Bf1d3 h6
11.Bg5f4 cxd4
12.Bf4xd6 dxe3
13.Bd6xf8 exf2
14.Kxf2 Nd7xf8
15.Qb3b4 Qa5c7
16.Rh1e1 Bc8d7
17.Ra1b1 b6
18.Nf3e5 Bd7c8
19.Rb1d1 Bc8b7
20.h3 Nf8d7
21.Qb4e7 Ra8f8
22.Bd3c2 Qc7c5
23.Qe7xc5 Nd7xc5
24.Rd1d4 g5
 { time }
0-1

[Event "Tourn. n8532"]
[Site "www.chess-mail.com"]
[Date "2016.01.27"]
[Round "1"]
[White "Osopanda"]
[Black "Cardiff"]
[WhiteElo "1930"]
[BlackElo "1950"]
[Result "1-0"]
[Round "1"]
1.e4 d6
2.d4 Ng8f6
3.Nb1c3 g6
4.f4 Bf8g7
5.Ng1f3 O-O
6.Bf1d3 c5
7.d5 e6
8.dxe6 fxe6
9.O-O Nb8c6
10.h3 a6
11.Bc1e3 b5
12.Qd1e1 Bc8b7
13.Nf3g5 Qd8e7
14.Qe1d2 b4
15.Nc3e2 Kh8
16.Ra1e1 a5
17.g4 Qe7d7
18.f5 exf5
19.exf5 gxf5
20.Bd3xf5 Qd7c7
21.Ng5e6 { resign }
1-0

[Event "Tourn. n8533"]
[Site "www.chess-mail.com"]
[Date "2016.01.27"]
[Round "1"]
[White "Duff"]
[Black "Crull"]
[WhiteElo "1740"]
[BlackElo "1600"]
[Result "1-0"]
[Round "1"]
1.e4 c5
2.Ng1f3 d6
3.d4 cxd4
4.Nf3xd4 Ng8f6
5.Nb1c3 a6
6.Bc1e3 e5
7.Nd4b3 Bf8e7
8.Qd1d2 O-O
9.f3 Nb8c6
10.O-O-O b5
11.g4 b4
12.Nc3d5 a5
13.Bf1b5 Bc8b7
14.Bb5a4 Nc6d4
15.Nb3xd4 exd4
16.Nd5xe7 Qd8xe7
17.Qd2xd4 Rf8d8
18.Be3g5 Qe7e6
19.Bg5xf6 Qe6xf6
20.Qd4xf6 gxf6
21.Rd1d2 d5
22.Rh1d1 Ra8a6
23.exd5 Ra6d6
24.Ba4b3 Kg7
25.Rd2d4 Kg6
26.c4 Rd8c8
27.Kb1 Kg5
28.Rd1c1 Rc8c5
29.Rd4e4 Bb7c8
30.Re4e7 Kh4
31.Re7xf7 h5
32.Rf7h7 f5
33.Rh7xh5 
1-0

[Event "Tourn. n8540"]
[Site "www.chess-mail.com"]
[Date "2016.01.27"]
[Round "1"]
[White "Tonino1"]
[Black "Libiesse"]
[WhiteElo "1990"]
[BlackElo "1950"]
[Result "0-1"]
[Round "1"]
1.d4 d5
2.Ng1f3 e6
3.e3 Ng8f6
4.Bf1d3 Nb8d7
5.b3 c5
6.Bc1b2 cxd4
7.exd4 b6
8.Nb1d2 Bc8b7
9.O-O Ra8c8
10.Qd1e2 Bf8e7
11.Nf3e5 O-O
12.f4 Rc8c7
13.g4 h6
14.h4 Nf6h7
15.g5 hxg5
16.hxg5 Be7b4
17.Kg2 Nd7xe5
18.dxe5 Nh7xg5
19.Rf1h1 g6
20.Qe2g4 d4
21.Kg3 Bb7xh1
22.Ra1xh1 f5
 { time }
0-1

[Event "Tourn. n8573"]
[Site "www.chess-mail.com"]
[Date "2016.01.27"]
[Round "1"]
[White "Pimax"]
[Black "Goosebumps"]
[WhiteElo "2280"]
[BlackElo "2200"]
[Result "1-0"]
[Round "1"]
1.d4 d5
2.c4 e6
3.Nb1c3 Ng8f6
4.Bc1g5 Bf8e7
5.e3 dxc4
6.Bf1xc4 O-O
7.Ng1f3 a6
8.O-O b5
9.Bc4b3 Bc8b7
10.Ra1c1 Nb8d7
11.a3 h6
12.Bg5h4  { time }
1-0

[Event "Tourn. n8497"]
[Site "www.chess-mail.com"]
[Date "2016.01.27"]
[Round "1"]
[White "Odin"]
[Black "Expert"]
[WhiteElo "1820"]
[BlackElo "1840"]
[Result "0-1"]
[Round "1"]
1.d4 f5
2.Ng1f3 Ng8f6
3.g3 d6
4.Bf1g2 g6
5.Nb1d2 Bf8g7
6.c3 O-O
7.Nf3g5 h6
8.Ng5f3 c6
9.Nf3h4 Qd8e8
10.e4 Nf6xe4
11.Nd2xe4 fxe4
12.Bg2xe4 g5
13.Nh4g6 Rf8f6
14.Qd1c2 Bc8g4
15.h3 Bg4h5
16.Qc2b3 d5
17.Qb3xb7 Nb8d7
18.Ng6xe7 Kh8
19.O-O dxe4
20.Ne7xc6 Bh5f3
21.Bc1e3 Nd7b6
22.d5 Rf6f7
23.Qb7a6 Qe8d7
24.Kh2 Ra8f8
25.Nc6e5 Bg7xe5
26.c4 Qd7e7
27.Be3xb6 axb6
28.Qa6xb6 Rf7f6
29.Qb6e3 Rf6f7
30.c5 Rf7f6
31.a4 Rf6f4
32.Kg1 Qe7d7
33.Kh2 Rf4h4
{ resign }
0-1

[Event "Tourn. n8553"]
[Site "www.chess-mail.com"]
[Date "2016.01.27"]
[Round "1"]
[White "Goosebumps"]
[Black "Goofy"]
[WhiteElo "2200"]
[BlackElo "2260"]
[Result "0-1"]
[Round "1"]
1.e4 d5
2.exd5 Ng8f6
3.Bf1b5 Nb8d7
4.Nb1c3 a6
5.Bb5xd7 Qd8xd7
6.Qd1f3 e6
7.dxe6 Qd7xe6
8.Qf3e3 Bf8c5
9.Qe3xe6 Bc8xe6
10.Ng1f3 O-O-O
11.O-O Rh8e8
12.d3 Be6g4
13.Nf3e1 Bc5d4
14.Ne1f3 Bg4xf3
15.gxf3 Bd4xc3
16.bxc3 Re8e2
 { time }
0-1